000 00721nam a2200241Ia 4500
003 OSt
005 20220923214756.0
006 a|||||r|||| 00| 0
007 ta
008 220922b |||||||| |||| 00| 0 kan d
024 _a172,631
037 _cTextual
040 _aARTS
_cARTS
_bkan
041 _2kan
_akan
082 _aO33,3NBH,DA, 152L3
100 _aभैरप्पा, सं लि
245 0 _aदायरे अवस्थाओं के
246 _aDāyare avasthāoan ke
260 _c1973
650 _aकन्नड़ साहित्य
_9156264
942 _hO33,3NBH,DA, 152L3
_cTEXL
_2CC
999 _c326639
_d326639